| 000 | 00431 a2200145 4500 | ||
|---|---|---|---|
| 999 |
_c321 _d321 |
||
| 020 | _a185372291-X | ||
| 050 | _aBP64. CHA 1989 | ||
| 100 |
_aChaudhri, Rashid Ahmad, _d1934- |
||
| 245 |
_aStories from early Islam / _cRashid Ahmad Chaudhri |
||
| 264 |
_aIslambad: _bIslam International Publications _c1989 |
||
| 300 | _a96 pages | ||
| 500 | _adoes nor include bibliography and index | ||
| 650 | _aIslam | ||
| 942 |
_2lcc _cBK _h64 _iCHA _kBP |
||